[Event "TCh-FRA Top 12 2011"]
[Site "Mulhouse FRA"]
[Date "2011.05.31"]
[Round "6"]
[White "Paci,C"]
[Black "Guilleux,F"]
[Result "1/2-1/2"]
[WhiteElo "2389"]
[BlackElo "2382"]

1.e4 c5 2.c3 Nf6 3.e5 Nd5 4.d4 cxd4 5.Nf3 Nc6 6.cxd4 d6 7.Bc4 e6 8.O-O Be7
9.Re1 O-O 10.exd6 Qxd6 11.Nc3 Nxc3 12.bxc3 b6 13.Ng5 Bxg5 14.Bxg5 Bb7 15.Qg4 e5
16.Qg3 Rae8 17.Rad1 h6 18.Bc1 Qf6 19.Ba3 exd4 20.Bxf8 Rxf8 21.cxd4 Nxd4 22.Re5 Ne6
23.Rde1 Nf4 24.Bf1 Bc6 25.Qg4 Ne6 26.Bc4 Nc5 27.h4 Bd7 28.Qg3 Bc6 29.h5 Bd7
30.R1e3 Be6 31.Bxe6 Nxe6 32.Qf3 Qxf3 33.Rxf3 Rd8 34.Ra3 Rd7 35.g3 Kf8 36.f4 Nc5
37.Kg2 g6 38.Rae3 gxh5 39.Kh3 Rd1 40.Rxh5 Rd6 41.Rhe5 Rd2 42.a3 Rd6 43.Kg4 Kg7
44.Re8 a6 45.Rb8 Nd7 46.Rb7 Kf8 47.Ra7 a5 48.Kf3 Rd2 49.Ke4 Kg7 50.Kf3 Kf8
51.Ke4 Kg7 52.Kf3  1/2-1/2

[Event "IV Sudety Open"]
[Site "Szklarska Poreba POL"]
[Date "2011.05.31"]
[Round "3"]
[White "Dmochowska,A"]
[Black "Klim,K"]
[Result "0-1"]
[WhiteElo "1710"]
[BlackElo "2314"]

1.e4 c5 2.c3 Nf6 3.e5 Nd5 4.d4 cxd4 5.Nf3 Nc6 6.cxd4 d6 7.Bc4 Nb6 8.Bb5 dxe5
9.Nxe5 Bd7 10.Nxd7 Qxd7 11.Nc3 e6 12.O-O Be7 13.Qg4 Bf6 14.Rd1 a6 15.Bxc6 bxc6
16.Ne4 Nd5 17.b3 O-O 18.Bh6 Qd8 19.Rd3 Kh8 20.Bd2 Be7 21.Rh3 g6 22.Ng5 Nf6
23.Qh4 h5 24.Qf4 Kg8 25.Rc1 Rc8 26.Qe3 c5 27.Qg3 cxd4 28.Nxe6 Rxc1+ 29.Bxc1 Qc8
30.Nc7 Nd5 31.Bh6 Qxc7 32.Qxc7 Nxc7 33.Bxf8 Kxf8 34.Rd3 Ne6 35.g3 Bb4 36.f4 Ke7
37.Kf2 Kd6 38.Kf3 Kd5 39.h3 f5 40.h4 Bc3 41.Rd1 Nc5 42.Rc1 Ne4 43.Rd1 a5
44.Rc1 d3 45.Rd1 Kd4 46.Rg1 Bb2 47.Re1 d2 48.Rd1 Kd3  0-1

[Event "29th Liechtenstein Open"]
[Site "Triesen LIE"]
[Date "2011.06.01"]
[Round "6.3"]
[White "Nussbaumer,Vincent"]
[Black "Sergeev,Vl"]
[Result "0-1"]
[WhiteElo "1784"]
[BlackElo "2507"]

1.e4 c5 2.c3 Nf6 3.e5 Nd5 4.d4 cxd4 5.Nf3 e6 6.cxd4 Be7 7.Nc3 Nxc3 8.bxc3 d6
9.Bd2 Nc6 10.exd6 Qxd6 11.Bc4 b6 12.O-O Bb7 13.Qe2 O-O 14.Rad1 Rac8 15.Bb3 Bf6
16.Rfe1 Na5 17.Bc2 Qd5 18.Qd3 g6 19.Bb1 Rfd8 20.Qf1 Nc4 21.Be4 Qd7 22.Bxb7 Qxb7
23.Bg5 Bxg5 24.Nxg5 Qd5 25.Ne4 Kg7 26.Qe2 Nd6 27.Nxd6 Rxd6 28.Rd3 Qa5 29.Qb2 Rd5
30.Rb1 Rc4 31.Qb3 Qa6 32.Rd2 Ra5 33.Rc2 Rca4 34.Rbb2 Ra3 35.Qb4 Rxa2 36.Rxa2 Rxa2
37.Rxa2 Qxa2 38.h3 h5 39.h4 Qa1+ 40.Kh2 Qe1 41.Qb2 Qe4 42.g3 Qd5 43.c4 Qxc4
44.d5+ Kg8 45.d6 Qd5 46.Qb4 e5 47.f4 e4 48.Qa4 Qd2+ 49.Kg1 Qxd6 50.Qe8+ Kg7
51.Qxe4 a5 52.Kf2 Qc5+ 53.Ke2 b5 54.Qa8 a4 55.Qd8 a3 56.f5 Qxf5 57.Qd4+ Qf6  0-1

[Event "TCh-BUL GpA Men"]
[Site "Albena BUL"]
[Date "2011.06.02"]
[Round "1.2"]
[White "Velchev,H"]
[Black "Shukin,E"]
[Result "1-0"]
[WhiteElo "2322"]
[BlackElo "2236"]

1.e4 c5 2.c3 Nf6 3.e5 Nd5 4.d4 cxd4 5.Nf3 d6 6.cxd4 Nc6 7.Bc4 Nb6 8.Bb5 dxe5
9.Nxe5 Bd7 10.Nxd7 Qxd7 11.Nc3 e6 12.Be3 a6 13.Bxc6 Qxc6 14.O-O Bb4 15.d5 Nxd5
16.Nxd5 Qxd5 17.Qg4 Bf8 18.Rfd1 h5 19.Qa4+ Qb5 20.Qd4 e5 21.Qe4 Be7 22.Rd5 Qb4
23.Qxb4 Bxb4 24.Rxe5+ Kf8 25.Re4 Be7 26.Rc1 h4 27.Bd4 Bd6 28.Rd1 Rh6 29.Rg4 Rg6
30.Rxg6 fxg6 31.Bxg7+ Kxg7 32.Rxd6 Rc8 33.h3 Rc1+ 34.Kh2 Rc2 35.Rd7+ Kh6
36.Rxb7 Rxf2 37.a4 a5 38.Rb5 Kg7 39.b3 Rb2 40.Rxa5 Rxb3 41.Rb5 Ra3 42.Rb4 g5
43.Rg4 Kf6 44.Kg1 Ra2 45.Kf1 Kf5 46.Ke1 Kf6 47.Kd1 Kf5 48.Kc1 Kg6 49.Kb1 Rf2
50.a5 Rf1+ 51.Kb2 Rf5 52.Ra4 Rf2+ 53.Kc3 Rxg2 54.a6 Rf2 55.a7 Rf3+ 56.Kd2  1-0

[Event "18th Ratten Open"]
[Site "Ratten AUT"]
[Date "2011.06.02"]
[Round "1.1"]
[White "Stitz,D"]
[Black "Winiwarter,F"]
[Result "0-1"]
[WhiteElo "1930"]
[BlackElo "2167"]

1.e4 c5 2.c3 Nf6 3.e5 Nd5 4.d4 cxd4 5.Nf3 Nc6 6.cxd4 e6 7.Nc3 Nxc3 8.bxc3 d6
9.exd6 Bxd6 10.Bd3 h6 11.O-O O-O 12.Qe2 Re8 13.Rd1 Qc7 14.Qe4 f5 15.Qh4 Qe7
16.Qh3 Qf6 17.Bc4 a6 18.a4 Na5 19.Qh5 g6 20.Qxh6 Nxc4 21.Rd3 b6 22.Ng5 Re7
23.Rh3 e5 24.d5 e4 25.Nh7 Qg7 26.Qg5 Rf7 27.Rh6 Ne5 28.Bf4 Be7 29.Qg3 Ng4
30.Rh3 g5 31.d6 gxf4 32.Qxf4 Bf8 33.f3 Qxc3  0-1

[Event "18th Ratten Open"]
[Site "Ratten AUT"]
[Date "2011.06.02"]
[Round "2.1"]
[White "Arztmann,W"]
[Black "Reubel,Max"]
[Result "1/2-1/2"]
[WhiteElo "2161"]
[BlackElo "2068"]

1.e4 c5 2.c3 Nf6 3.e5 Nd5 4.g3 e6 5.Bg2 d6 6.exd6 Bxd6 7.Nf3 O-O 8.O-O Nc6
9.d4 Bd7 10.dxc5 Bxc5 11.Nbd2 Rc8 12.Ne4 Be7 13.c4 Nb6 14.b3 e5 15.c5 Bf5
16.cxb6 Bxe4 17.bxa7 Bd3 18.Bb2 Bxf1 19.Qxf1 e4 20.Ne5 Nxe5 21.Bxe5 Qd5 22.Bb8 Rxb8
23.axb8=Q Rxb8 24.Rd1 Qe6  1/2-1/2

[Event "Scandinavian Chess Tournament"]
[Site "Stockholm SWE"]
[Date "2011.06.02"]
[Round "3"]
[White "Goberman,B"]
[Black "Agrest,R"]
[Result "1-0"]
[WhiteElo "2321"]
[BlackElo "2070"]

1.e4 c5 2.c3 Nf6 3.e5 Nd5 4.d4 cxd4 5.Qxd4 e6 6.Nf3 Nc6 7.Qe4 d6 8.Bd3 dxe5
9.Nxe5 Nxe5 10.Qxe5 a6 11.O-O Qf6 12.Qg3 h6 13.c4 Nb4 14.Be4 Qd4 15.Nc3 Bd6
16.Be3 Qe5 17.f4 Qf6 18.Rad1 Bf8 19.Qf3 Qe7 20.a3 f5 21.axb4 fxe4 22.Qh5+  1-0

[Event "TCh-BUL GpA Men"]
[Site "Albena BUL"]
[Date "2011.06.03"]
[Round "2.4"]
[White "Velchev,H"]
[Black "Velikov,P"]
[Result "0-1"]
[WhiteElo "2322"]
[BlackElo "2414"]

1.e4 c5 2.c3 Nf6 3.e5 Nd5 4.d4 cxd4 5.Nf3 e6 6.cxd4 d6 7.a3 Bd7 8.Bd3 Bc6
9.O-O Nd7 10.Re1 Rc8 11.Nbd2 dxe5 12.dxe5 Nc5 13.Bf1 Nf4 14.g3 Nfd3 15.Re3 Nxc1
16.Rxc1 Be7 17.Rec3 O-O 18.b4 Nd7 19.Bb5 Nb8 20.Bd3 a6 21.Qe2 Rc7 22.Be4 Rd7
23.Bxc6 Nxc6 24.Ne4 Qb8 25.Nc5 Bxc5 26.Rxc5 Rfd8 27.b5 axb5 28.Rxb5 Qa7 29.Rcb1 h6
30.Kg2 Qa6 31.Qc2 Qxa3 32.Rxb7 Qxf3+  0-1

[Event "IV Sudety Open"]
[Site "Szklarska Poreba POL"]
[Date "2011.06.03"]
[Round "8"]
[White "Goluch,P"]
[Black "Musialkiewicz,J"]
[Result "1-0"]
[WhiteElo "2124"]
[BlackElo "2128"]

1.e4 c5 2.c3 Nf6 3.e5 Nd5 4.Bc4 Nb6 5.Bb3 d6 6.Nf3 c4 7.Bc2 Bg4 8.h3 Bxf3
9.Qxf3 Nc6 10.exd6 Qxd6 11.O-O g6 12.b3 Bg7 13.Na3 cxb3 14.axb3 O-O 15.d4 e5
16.Nc4 Nxc4 17.bxc4 Rfc8 18.c5 Qd8 19.d5 Na5 20.Be3 Bf8 21.d6 Rab8 22.Qd5 b6
23.Rxa5 bxa5 24.f4 exf4 25.Rxf4 Qe8 26.Bd4 Qe6 27.Qxe6 fxe6 28.d7 Rc7 29.Rxf8+ Rxf8
30.Ba4 e5 31.Bxe5 Rxc5 32.Bb3+  1-0

[Event "4th Metro Qualifier"]
[Site "Los Angeles USA"]
[Date "2011.06.04"]
[Round "2"]
[White "Stevens,L"]
[Black "Mikayelyan,Mher"]
[Result "1-0"]
[WhiteElo "2056"]
[BlackElo "2003"]

1.e4 c5 2.c3 Nf6 3.e5 Nd5 4.Nf3 Nc6 5.d4 cxd4 6.cxd4 d6 7.Bc4 Nb6 8.Bb5 a6
9.Bxc6+ bxc6 10.O-O e6 11.Bg5 Qc7 12.exd6 Bxd6 13.Nbd2 h6 14.Bh4 f5 15.Ne5 Bxe5
16.dxe5 g5 17.Bg3 f4 18.Ne4 O-O 19.Nf6+ Kh8 20.Qh5 Kg7 21.Ne8+ Rxe8 22.Qxe8 Nd5
23.h4 fxg3 24.fxg3 Qe7 25.Qh5 Bd7 26.hxg5 hxg5 27.Rf6 Nxf6 28.Qxg5+ Kh8 29.exf6 Qh7
30.Rf1 Rg8 31.Qe5 Qf7 32.Rf4 Rg6 33.g4 Be8 34.g5 Kg8 35.Rh4 Qa7+ 36.Kh1 Bf7
37.Qh2 Kf8 38.Qd6+ Kg8 39.Qd8+  1-0

[Event "TCh-SLO"]
[Site "Maribor SLO"]
[Date "2011.06.04"]
[Round "5"]
[White "Grosar,A"]
[Black "Jankovic,A"]
[Result "1/2-1/2"]
[WhiteElo "2408"]
[BlackElo "2573"]

1.e4 c5 2.c3 Nf6 3.e5 Nd5 4.Nf3 Nc6 5.d4 cxd4 6.cxd4 d6 7.Bc4 e6 8.O-O Be7
9.Qe2 O-O 10.Re1 Qb6 11.Qe4 dxe5 12.dxe5 Bc5 13.Re2 f5 14.exf6 Nxf6 15.Qh4 Rd8
16.Rd2 Nd4 17.Nxd4 Rxd4 18.Rxd4 Bxd4 19.Nd2 Bxb2 20.Bxb2 Qxb2 21.Rd1 b5 22.Bb3 Bb7
23.Bxe6+ Kh8 24.Nf1 Re8 25.Bf7 Rf8 26.Bb3 a5 27.Qf4 a4 28.Qd6 Qxf2+ 29.Kxf2 Ne4+
30.Kg1 Nxd6 31.Rxd6 axb3 32.axb3 h6 33.Ne3  1/2-1/2

[Event "18th Ratten Open"]
[Site "Ratten AUT"]
[Date "2011.06.04"]
[Round "4.1"]
[White "Arztmann,W"]
[Black "Teuschler,A"]
[Result "1/2-1/2"]
[WhiteElo "2161"]
[BlackElo "2019"]

1.e4 c5 2.c3 Nf6 3.e5 Nd5 4.Nf3 e6 5.d4 cxd4 6.cxd4 Nc6 7.Bc4 Nb6 8.Bb3 Nb4
9.Nc3 d5 10.exd6 Qxd6 11.O-O Bd7 12.Ne4 Qb8 13.Re1 N4d5 14.Ne5 Bd6 15.Qh5 O-O
16.Bxd5 Bxe5 17.dxe5 Nxd5 18.Bg5 Qxe5 19.Nc3 Qf5 20.Nxd5 exd5 21.Qh4 Rfe8
22.Bd2 Bc6 23.Bc3 Re4 24.Rxe4 Qxe4 25.Qxe4 dxe4 26.Rd1 Re8 27.Bd4 Rd8 28.Kf1 b6
29.Ke2 a6 30.Bxb6 Rxd1 31.Kxd1  1/2-1/2

[Event "Scandinavian Chess Tournament"]
[Site "Stockholm SWE"]
[Date "2011.06.04"]
[Round "5"]
[White "Goberman,B"]
[Black "Bellon Lopez,JuM"]
[Result "1/2-1/2"]
[WhiteElo "2321"]
[BlackElo "2395"]

1.e4 c5 2.c3 Nf6 3.e5 Nd5 4.d4 cxd4 5.Qxd4 e6 6.Nf3 Nc6 7.Qe4 f5 8.Qe2 Qc7
9.g3 b6 10.Bg2 Ncb4 11.c4 b5 12.a3 Na6 13.Nfd2 bxc4 14.Nxc4 Nc5 15.Bxd5 Nd3+
16.Qxd3 exd5 17.Nd6+ Bxd6 18.O-O Bc5 19.Bf4 Qc6 20.Rc1 Ba6 21.Qf3 Qb6 22.Nc3 Qb3
23.Qxd5 Qxd5 24.Nxd5 Bb6 25.a4 Kf7 26.Nc7 Bxc7 27.Rxc7 Bc8 28.b4 a6 29.Rd1 Re8
30.Rdc1 Ke6 31.f3 Rb8 32.Kf2 h6 33.h4 Bb7 34.Rd1 Bd5 35.Rd4 Rec8 36.Ra7 Ra8
37.Rxa8 Rxa8 38.Rd1 Rc8 39.Rc1 Rxc1 40.Bxc1 Bc6 41.b5 axb5 42.axb5 Bxb5 43.Ke3 g5
44.hxg5 hxg5 45.Kd4 g4 46.fxg4 fxg4 47.Bf4 Bc6 48.Kc5  1/2-1/2

[Event "20th ICSC TCh-EUR Club"]
[Site "Liverpool ENG"]
[Date "2011.06.09"]
[Round "1"]
[White "Kovalenko,VN"]
[Black "Pasquotto,M"]
[Result "1-0"]
[WhiteElo "2165"]
[BlackElo "1920"]

1.e4 c5 2.c3 Nf6 3.e5 Nd5 4.d4 cxd4 5.Nf3 e6 6.cxd4 Nc6 7.Nc3 Nb6 8.Be2 d6
9.Be3 Be7 10.O-O O-O 11.Rc1 Nb4 12.Qb3 N4d5 13.Bd2 a5 14.a3 a4 15.Qd1 Bd7
16.Ne4 Bc6 17.Bd3 Rc8 18.Qe2 f5 19.exf6 Nxf6 20.Neg5 Bxf3 21.Qxe6+ Kh8 22.Nxf3 Qd7
23.Qxd7 Nfxd7 24.Rfe1 Bf6 25.Bb4 Rfd8 26.Bxd6 Nb8 27.Bc7  1-0

[Event "TCh-SLO"]
[Site "Lasko SLO"]
[Date "2011.06.10"]
[Round "7"]
[White "Lazar,Ales ML"]
[Black "Podkriznik,G"]
[Result "1-0"]
[WhiteElo "2298"]
[BlackElo "2354"]

1.e4 c5 2.c3 Nf6 3.e5 Nd5 4.Bc4 Nb6 5.Bb3 c4 6.Bc2 d6 7.exd6 e6 8.Nf3 Nc6
9.O-O Bxd6 10.d4 cxd3 11.Qxd3 Be7 12.Qe2 Nd5 13.Nbd2 Qc7 14.Re1 O-O 15.Nf1 Bf6
16.Ng3 g6 17.Bh6 Re8 18.Rad1 Bd7 19.h4 Nce7 20.c4 Nb4 21.Ne4 Bh8 22.Nd6 Red8
23.Bb1 Ba4 24.Nxf7 Rxd1 25.Rxd1 Kxf7 26.Ng5+ Ke8 27.Nxe6 Qe5 28.Qxe5 Bxe5
29.Re1 Rc8 30.Rxe5 Rxc4 31.b3 Nbc6 32.Re1  1-0

[Event "FSGM June"]
[Site "Budapest HUN"]
[Date "2011.06.11"]
[Round "8"]
[White "Vajda,Le"]
[Black "Gretarsson,Hj"]
[Result "1/2-1/2"]
[WhiteElo "2510"]
[BlackElo "2422"]

1.e4 c5 2.c3 Nf6 3.e5 Nd5 4.d4 cxd4 5.Nf3 e6 6.cxd4 d6 7.Bc4 Nc6 8.O-O Be7
9.Qe2 O-O 10.Nc3 dxe5 11.dxe5 Nxc3 12.bxc3 Qa5 13.Bd2 Rd8 14.Rfe1 b6 15.Bd3 Bb7
16.Bc2 g6 17.Qe3 Bf8 18.Be4 Rd7 19.c4 Qc5 20.Qxc5 Bxc5 21.Bg5 Na5 22.Bxb7 Rxb7
23.h4 Be7 24.Bf6 Nxc4 25.Rad1 b5 26.Nd4 Bf8 27.h5 Re8 28.Re4 a6 29.Rc1 Rd7
30.Nf3 Rd5 31.g4 Rd3 32.Kg2 Rc8 33.Ree1 a5 34.hxg6 fxg6 35.Rcd1 Nb2 36.Rc1 Rc4
37.Ng5 Rxg4+ 38.Kf1 Nc4 39.Nxe6 Bh6 40.Red1 Nd2+ 41.Ke2 Rd5 42.Rc8+ Kf7 43.Nc5 Rc4
44.Rc7+ Kg8 45.Rc8+ Kf7 46.Rc7+ Kg8 47.Rc8+ Kf7  1/2-1/2

[Event "TCh-SLO"]
[Site "Lasko SLO"]
[Date "2011.06.11"]
[Round "8"]
[White "Gorsek,G"]
[Black "Maksimenko,An"]
[Result "0-1"]
[WhiteElo "2136"]
[BlackElo "2540"]

1.e4 c5 2.c3 Nf6 3.e5 Nd5 4.Bc4 Nb6 5.Bb3 Nc6 6.Nf3 d5 7.exd6 Qxd6 8.O-O Be6
9.Bxe6 Qxe6 10.Re1 Qd7 11.Na3 g6 12.Ne5 Nxe5 13.Rxe5 Rc8 14.d3 Bg7 15.Re1 O-O
16.Bg5 Rfe8 17.Qd2 Nd5 18.Rad1 e5 19.Nc2 f6 20.Bh6 Bxh6 21.Qxh6 Nf4 22.Qh4 Kg7
23.Qg3 Rcd8 24.d4 cxd4 25.cxd4 Qc7 26.Qc3 Qxc3 27.bxc3 exd4 28.cxd4 Rxe1+
29.Rxe1  0-1

[Event "Zonal 3.4 Men"]
[Site "Tashkent UZB"]
[Date "2011.06.11"]
[Round "4.3"]
[White "Khamrakulov,D"]
[Black "Kvon,A"]
[Result "1-0"]
[WhiteElo "2490"]
[BlackElo "2459"]

1.e4 c5 2.c3 Nf6 3.e5 Nd5 4.Nf3 Nc6 5.d4 cxd4 6.cxd4 d6 7.Bc4 e6 8.Qe2 Be7
9.O-O O-O 10.Re1 a6 11.Qe4 Qc7 12.Bd3 f5 13.exf6 Nxf6 14.Qe2 d5 15.h3 Bd6
16.Nc3 Bd7 17.Be3 Rae8 18.Rad1 Bc8 19.Bb1 Re7 20.a3 Bd7 21.Bg5 h6 22.Bc1 Bf4
23.Bxf4 Qxf4 24.Ne5 Be8 25.g3 Qg5 26.Qd3 Qh5 27.Kg2 Nxe5 28.dxe5 Ne4 29.Nxe4 dxe4
30.Qe2 Qxe5 31.Bxe4 Kh8 32.f4 Qc5 33.b4 Qc3 34.Qe3 Qf6 35.Rd6 Bg6 36.Bxg6 Qxg6
37.Rxe6 Rxe6 38.Qxe6 Qd3 39.Re3 Qd1 40.Qg4 Qd6 41.Qe2 Qc6+ 42.Qf3 Qc1 43.h4 Rd8
44.Kh3 Qc8+ 45.f5 Rf8 46.Re5 b6 47.g4 Qc1 48.Qe3 Qf1+ 49.Kg3 Kh7 50.Qxb6 Rf6
51.Qf2 Qa1 52.Re3 Qb1 53.Rf3 Qc1 54.Qe3 Qb1 55.Qc5 Qe1+ 56.Qf2 Qb1 57.g5 Rf8
58.g6+ Kg8 59.Qe3 h5 60.Qb3+ Qxb3 61.Rxb3 Rxf5 62.Re3 Rf8 63.Re5 Rd8 64.Kf4 Kf8
65.Rxh5 Ke7 66.Rf5 Ke6 67.Ra5 Rd6 68.Kg5  1-0

[Event "35th Open"]
[Site "Fourmies FRA"]
[Date "2011.06.12"]
[Round "4.21"]
[White "Van der Leij,A"]
[Black "Louis,A"]
[Result "1-0"]
[WhiteElo "2078"]
[BlackElo "1802"]

1.e4 c5 2.c3 Nf6 3.e5 Nd5 4.d4 e6 5.Nf3 Nc6 6.c4 Nb6 7.d5 exd5 8.cxd5 Nd4
9.Nxd4 cxd4 10.d6 Qh4 11.Na3 Qe4+ 12.Qe2 Qxe2+ 13.Bxe2 a6 14.Bd2 Na4 15.O-O g6
16.Bg5 Bg7 17.Be7 Bxe5 18.Bc4 d3 19.Rae1 Bxb2 20.Bg5+ Kf8 21.Re7 b5 22.Rxf7+ Kg8
23.Bh6 bxc4 24.Rf8+  1-0

[Event "35th Open"]
[Site "Fourmies FRA"]
[Date "2011.06.12"]
[Round "5.1"]
[White "Janev,E"]
[Black "David,Alb"]
[Result "0-1"]
[WhiteElo "2500"]
[BlackElo "2593"]

1.e4 c5 2.c3 Nf6 3.e5 Nd5 4.Nf3 e6 5.d4 cxd4 6.cxd4 d6 7.a3 Be7 8.Bd3 Bd7
9.O-O Bc6 10.b4 a6 11.Re1 Nd7 12.Nbd2 dxe5 13.dxe5 Nc3 14.Qc2 Rc8 15.Qxc3 Bxf3
16.Qb2 Nb6 17.Qb1 Bh5 18.Ne4 Bg6 19.Be3 Nc4 20.Bf4 Qd4 21.Rd1 O-O 22.Ra2 Rfd8
23.Bc2 Qb6 24.g3 Qc6 25.Nd6 Nxa3 26.Nxc8 Rxc8 27.Bxg6 Nxb1 28.Bxb1 Bxb4 29.Rc2 Qe8
30.Rxc8 Qxc8 31.Bg5 Ba5 32.Be4 h6 33.Be7 Qc4 34.Bxb7 Qb3 35.Ra1 Qxb7 36.Rxa5 Qxe7
37.Rxa6 Qc5 38.Ra8+ Kh7  0-1

[Event "Voronezh FIDE Open"]
[Site "Voronezh RUS"]
[Date "2011.06.12"]
[Round "1.51"]
[White "Shestakov,D"]
[Black "Sitnikov,Sergey V."]
[Result "0-1"]
[WhiteElo "2284"]
[BlackElo "1974"]

1.e4 c5 2.c3 Nf6 3.e5 Nd5 4.d4 cxd4 5.cxd4 d6 6.Bc4 dxe5 7.dxe5 Qa5+ 8.Bd2 Qc5
9.Qb3 e6 10.Bxd5 Qxd5 11.Qxd5 exd5 12.Nc3 Be6 13.f4 Nc6 14.Nf3 Bc5 15.Na4 Be7
16.Be3 Bg4 17.Nd4 Nxd4 18.Bxd4 Rc8 19.O-O Rc4 20.f5 Rxd4 21.Nc3 Bc5 22.Kh1 Rd2  0-1

[Event "Voronezh FIDE Open"]
[Site "Voronezh RUS"]
[Date "2011.06.12"]
[Round "1.28"]
[White "Lebediantsev,R"]
[Black "Cho,S"]
[Result "1-0"]
[WhiteElo "2137"]
[BlackElo "1801"]

1.e4 c5 2.c3 Nf6 3.e5 Nd5 4.Nf3 Nc6 5.d4 cxd4 6.Bc4 Nb6 7.Bb3 d5 8.cxd4 Bg4
9.Be3 e6 10.O-O Be7 11.Nbd2 O-O 12.h3 Bh5 13.Re1 Rc8 14.a3 Bg6 15.Rc1 Na5
16.Ba2 Qd7 17.Qe2 Qa4 18.Kh2 Rc2 19.Rxc2 Qxc2 20.Qb5 Qa4 21.Qxa4 Nxa4 22.b4 Nc3
23.Bb3 Nxb3 24.Nxb3 Nb5 25.Ra1 b6 26.a4 Nc3 27.b5 h6 28.Bd2 Ne4 29.Rc1 Nxd2
30.Nfxd2 Ra8 31.Rc7 Bg5 32.g3 Kf8 33.f4 Be7 34.Kg2 Ke8 35.Kf2 Kd8 36.Rc6 Bb4
37.Ke2 Rc8 38.Rxc8+ Kxc8 39.Kd1 Bf5 40.h4 Bd3 41.Kc1 Bc3 42.Nf3 Bf5 43.Nfd2 Kd8
44.Nf3 Ke7 45.Nfd2 f6 46.Nf3 Kf7 47.Kd1 Kg6 48.Nh2 Kh5 49.Nf1 Bd3 50.Ne3  1-0

[Event "ODEM U25-A"]
[Site "Oberhof GER"]
[Date "2011.06.13"]
[Round "3.12"]
[White "Adelhuette,Dennis"]
[Black "Baier,Christoph"]
[Result "1/2-1/2"]
[WhiteElo "2003"]
[BlackElo "1898"]

1.e4 c5 2.c3 Nf6 3.e5 Nd5 4.d4 cxd4 5.cxd4 Nc6 6.Nf3 d6 7.Bc4 Nb6 8.Bb5 dxe5
9.Nxe5 Bd7 10.Bxc6 Bxc6 11.O-O Rc8 12.Nc3 e6 13.Qg4 Nd5 14.Ne4 h6 15.Re1 Nf6
16.Nxf6+ Qxf6 17.Nxc6 bxc6 18.d5 Bc5 19.Be3 Bxe3 20.fxe3 cxd5 21.Qa4+ Kf8
22.Qxa7 Qe7 23.Qxe7+ Kxe7 24.a4 Rb8 25.Reb1 Rb3 26.Ra3 Rxa3 27.bxa3 Ra8 28.Rb4 e5
29.Kf2 Ra6 30.Ke2 f5 31.Kd3 g5 32.Kc3 Kd6 33.g3 Kc6 34.Kb3 Rb6 35.Kc3 f4
36.exf4 Rxb4 37.axb4 exf4  1/2-1/2

[Event "1st Forni Open"]
[Site "Forni di Sopra ITA"]
[Date "2011.06.14"]
[Round "3"]
[White "Okhotnik,V"]
[Black "Arnaudov,G"]
[Result "1/2-1/2"]
[WhiteElo "2486"]
[BlackElo "2449"]

1.e4 c5 2.c3 Nf6 3.e5 Nd5 4.g3 d6 5.exd6 e6 6.Bg2 Bxd6 7.Nf3 Nc6 8.O-O O-O
9.d4 cxd4 10.Nxd4 Nxd4 11.Qxd4 Qc7 12.c4 Be5 13.Qe4 Nf6 14.Qe2 Bd7 15.Nd2 h6
16.Nf3 Bd6 17.b3 Bc6 18.Bb2 Qe7 19.Rad1 Rfd8 20.Nd4 Bxg2 21.Kxg2 Ba3 22.Ba1 a6
23.Qf3 Qc7 24.Nc2 Be7 25.Ne3 Rxd1 26.Rxd1 Rd8 27.Rxd8+ Bxd8 28.b4 Nd7 29.a3 Bf6
30.Bxf6 Nxf6 31.c5 Qd7 32.Nc4 Nd5 33.h4 f6 34.h5 Qc6 35.Na5 Qd7 36.Qe4 Kf8
37.f4 Kg8 38.Nc4 Nc3 39.Qf3 Qd4 40.Nd6 Qd2+ 41.Kh3 Ne2 42.Qf2 Qd1 43.Kh2 Nc1
44.Nxb7 Nd3 45.Qa2 Qxh5+ 46.Kg1 Qd1+ 47.Kh2 Qh5+ 48.Kg1 Ne1  1/2-1/2

[Event "1st Forni Open"]
[Site "Forni di Sopra ITA"]
[Date "2011.06.15"]
[Round "5"]
[White "Okhotnik,V"]
[Black "Esserman,M"]
[Result "1-0"]
[WhiteElo "2486"]
[BlackElo "2439"]

1.e4 c5 2.c3 Nf6 3.e5 Nd5 4.d4 cxd4 5.Nf3 Nc6 6.cxd4 d6 7.Bc4 Nb6 8.Bb5 dxe5
9.Nxe5 Bd7 10.Nxd7 Qxd7 11.Nc3 e6 12.Qg4 h5 13.Qg3 h4 14.Qf3 h3 15.g3 a6
16.Bxc6 Qxc6 17.Qxc6+ bxc6 18.O-O O-O-O 19.Be3 Kb7 20.Rac1 Be7 21.Ne4 Rh5
22.f4 Ra5 23.a3 f5 24.Nd2 Rb5 25.Rc2 Bf6 26.Re1 a5 27.b3 Rd6 28.Bf2 Kc7 29.Kf1 Kd7
30.a4 Rb4 31.Rc5 Rd5 32.Rec1 Rxc5 33.Rxc5 Nd5 34.Rxa5 Bxd4 35.Ra8 Bc3 36.Ra7+ Nc7
37.Nc4 Kc8 38.Na5 Bd4 39.Nxc6 Bxf2 40.Rxc7+ Kxc7 41.Nxb4 Ba7 42.Nd3  1-0

[Event "1st Forni Open"]
[Site "Forni di Sopra ITA"]
[Date "2011.06.15"]
[Round "5"]
[White "Nikolova,A"]
[Black "Bruno,Fabi"]
[Result "0-1"]
[WhiteElo "2333"]
[BlackElo "2459"]

1.e4 c5 2.c3 Nf6 3.e5 Nd5 4.d4 cxd4 5.cxd4 d6 6.Nf3 e6 7.Bc4 Nc6 8.O-O Be7
9.Qe2 O-O 10.Re1 Na5 11.Bd3 Nb4 12.exd6 Qxd6 13.Be4 f5 14.Bd3 Bf6 15.Na3 Nxd3
16.Qxd3 b6 17.Nb5 Qd7 18.Bf4 Bb7 19.Ne5 Qd5 20.f3 Ba6 21.a4 Rfd8 22.Rad1 Rac8
23.Nc3 Bxd3 24.Nxd5 Bc2 25.Nxf6+ gxf6 26.Ra1 fxe5 27.Rxe5 Nb3 28.Rae1 Nxd4
29.a5 Bb3 30.axb6 axb6 31.Ra1 Bd5 32.Bg5 Rd7 33.Ra4 Rc4 34.Ra6 Rb4 35.Kf2 Rxb2+
36.Kg3 Rg7 37.h4 h6  0-1

[Event "Voronezh FIDE Open"]
[Site "Voronezh RUS"]
[Date "2011.06.15"]
[Round "4.35"]
[White "Semenova,A"]
[Black "Chernyshova,N"]
[Result "0-1"]
[WhiteElo "1843"]
[BlackElo "2066"]

1.e4 c5 2.c3 Nf6 3.e5 Nd5 4.d4 cxd4 5.cxd4 d6 6.Nf3 Nc6 7.Bc4 Nb6 8.Bb5 dxe5
9.Nxe5 Bd7 10.Nc3 Nxe5 11.dxe5 Bxb5 12.Nxb5 Qxd1+ 13.Kxd1 Nd5 14.Ke2 a6 15.Rd1 O-O-O
16.Nd4 e6 17.Bd2 b6 18.a3 Kb7 19.Rac1 Bc5 20.Be3 Nxe3 21.Kxe3 Rd5 22.b4 Rxe5+
23.Kf4 Bd6 24.Kf3 Rd5 25.Nb3 Rxd1 26.Rxd1 Rd8 27.Ke4 Be7 28.Rxd8 Bxd8 29.a4 Bf6
30.b5 axb5 31.axb5 Kc7 32.Kd3 Kd6 33.Kc4 e5 34.Nd2 Be7 35.Ne4+ Ke6 36.f3 f5
37.Nc3 Bc5 38.Nd5 e4 39.fxe4 fxe4 40.Nc3 Ke5 41.Ne2 h5 42.h3 h4 43.g3 hxg3
44.Nxg3 Kf4 45.Nf1 g5 46.Kc3 e3 47.Kd3 Kf3 48.Nh2+ Kg3 49.Nf1+ Kxh3  0-1

[Event "49th National Challengers ch-IND"]
[Site "Aurangabad IND"]
[Date "2011.06.16"]
[Round "2"]
[White "Shreyans,K"]
[Black "Shyam,N"]
[Result "1/2-1/2"]
[WhiteElo "2211"]
[BlackElo "2412"]

1.e4 c5 2.c3 Nf6 3.e5 Nd5 4.d4 cxd4 5.cxd4 e6 6.Nf3 d6 7.Bc4 Nb6 8.Bb3 Nc6
9.Qe2 Bd7 10.O-O Na5 11.Bc2 d5 12.Nc3 Be7 13.Bf4 Rc8 14.Rac1 h6 15.Bb1 a6
16.Nd2 Nbc4 17.Nxc4 Nxc4 18.Rfd1 Qa5 19.Bd3 g5 20.Be3 Qb4 21.Rc2 b5 22.Rdc1 Qa5
23.Qe1 Kf8 24.Bxc4 Rxc4 25.b3 Rc8 26.Bd2 b4 27.Nb1 Rxc2 28.Rxc2 Qb6 29.Be3 Kg7
30.Qc1 Qb8 31.Nd2 Rc8 32.Nf3 Rxc2 33.Qxc2 Qc8 34.Qxc8 Bxc8 35.Kf1 Bd7 36.Ke1 Kg6
37.g4 Bb5 38.Kd2 Bf1 39.Ng1 f5 40.f3 a5 41.Ke1 Bb5 42.Ne2 h5 43.h3 Bd3 44.Kd2 Bb1
45.Kc1 Bd3 46.Kd2 Ba6 47.Ke1 fxg4 48.fxg4 Bd3 49.Nc1  1/2-1/2

[Event "US Junior Championship"]
[Site "Saint Louis USA"]
[Date "2011.06.16"]
[Round "1"]
[White "Bryant,J"]
[Black "Shen,V"]
[Result "1-0"]
[WhiteElo "2413"]
[BlackElo "2281"]

1.e4 c5 2.c3 Nf6 3.e5 Nd5 4.Nf3 e6 5.d4 cxd4 6.cxd4 d6 7.Bc4 Nb6 8.Bd3 dxe5
9.dxe5 N8d7 10.Qe2 Nc5 11.Bc2 Nd5 12.O-O Bd7 13.Nc3 Nxc3 14.bxc3 Be7 15.Rd1 Rc8
16.Rb1 Qc7 17.Ng5 h6 18.Nxf7 Kxf7 19.Rb4 g5 20.f4 Na6 21.Qh5+ Kf8 22.fxg5 Bc5+
23.Kh1 Nxb4 24.Rf1+ Ke7 25.Qf7+ Kd8 26.Qf6+ Be7 27.Qxh8+ Be8 28.Ba4 Nc6 29.Rd1+ Qd7
30.gxh6  1-0

[Event "Teplice Open"]
[Site "Teplice CZE"]
[Date "2011.06.16"]
[Round "6"]
[White "Saffova,Michaela"]
[Black "Friml,A"]
[Result "0-1"]
[WhiteElo "1822"]
[BlackElo "2124"]

1.e4 c5 2.c3 Nf6 3.e5 Nd5 4.d4 e6 5.Nf3 d6 6.Be2 Be7 7.O-O Nc6 8.Nbd2 dxe5
9.Nxe5 cxd4 10.Nxc6 bxc6 11.cxd4 O-O 12.Nf3 Qb6 13.Qc2 Ba6 14.Bxa6 Qxa6 15.Bd2 Rac8
16.Rfe1 c5 17.Qe4 Nf6 18.Qe2 Qxe2 19.Rxe2 cxd4 20.Nxd4 Rfd8 21.Be3 Nd5 22.Nc2 Rd7
23.Ne1 Bf6 24.Rc1 Rxc1 25.Bxc1 Nb4 26.a3 Rd1 27.axb4 Rxc1 28.Kf1 g6 29.g3 Rb1
30.Kg2 Bxb2 31.Nd3 Bd4 32.Re4 Bb6 33.Rc4 Rd1 34.Nc5 Rd2 35.Ne4 Rb2 36.Nc5 Kg7
37.Nd3 Rd2 38.Nc5 e5 39.Ne4 Rb2 40.Nc5 f6 41.h3 h5 42.g4 hxg4 43.hxg4 g5
44.Kg3 Kf7 45.f3 Ke7 46.Ne4 Be3 47.Kh3 Bf4 48.Ng3 Kd7 49.Re4 Kc6  0-1

[Event "Voronezh FIDE Open"]
[Site "Voronezh RUS"]
[Date "2011.06.16"]
[Round "5.49"]
[White "Shestakov,D"]
[Black "Cho,S"]
[Result "0-1"]
[WhiteElo "2284"]
[BlackElo "1801"]

1.e4 c5 2.c3 Nf6 3.e5 Nd5 4.d4 cxd4 5.cxd4 Nc6 6.Nf3 d6 7.Bc4 Nb6 8.Bb5 dxe5
9.Nxe5 Bd7 10.Nxc6 Bxc6 11.Bxc6+ bxc6 12.O-O e6 13.Nc3 Be7 14.Be3 O-O 15.Qf3 Nd5
16.Rfd1 Qa5 17.Nxd5 cxd5 18.a3 Qb5 19.b4 Rac8 20.Rac1 Rxc1 21.Rxc1 Qd3 22.Ra1 Rc8
23.Qd1 Qxd1+ 24.Rxd1 Bf6 25.b5 Rc4 26.Rc1 Rxc1+ 27.Bxc1 Bxd4 28.a4 Kf8 29.Kf1 Ke8
30.Ke2 Kd7 31.f3 Kc7 32.Kd3 Bf2 33.a5 Kd6 34.Ba3+ Bc5 35.b6 axb6 36.axb6 Kc6
37.Bb2  0-1